000 00320nam a2200133Ia 4500
005 20251222144909.0
008 251222s9999||||xx |||||||||||||| ||spa||
020 _a84-254-1632-9
082 _a236.09/L29
100 _aLaurentin, René
245 0 _aUn Año de Gracia con María:
264 _bBarcelona
942 _cLIB
999 _c22260
_d22260